Metodológia oceňovania portfólia cenných papierov
Portfólio cenných papierov. Výnos portfólia. Riziko portfólia. Kovariancia. Algoritmus hľadania optimálneho portfólia. Modelový príklad. Nájdenie portfólia s minimálnym rizikom. Nájdenie portfólia s minimálnym rizikom a požadovaným výnosom.
Uložené v:
| Hlavný autor: | |
|---|---|
| Médium: | Kapitola |
| Jazyk: | Slovak |
| Predmet: | |
| Tagy: |
Žiadne tagy, Buďte prvý, kto otaguje tento záznam!
|
MARC
| LEADER | 00000naa a2200000 4500 | ||
|---|---|---|---|
| 001 | 0141600 | ||
| 005 | 20231006073149.1 | ||
| 041 | 0 | |a slo | |
| 044 | |a SK | ||
| 245 | 1 | 0 | |a Metodológia oceňovania portfólia cenných papierov |c Petra Karafová |
| 520 | |a Portfólio cenných papierov. Výnos portfólia. Riziko portfólia. Kovariancia. Algoritmus hľadania optimálneho portfólia. Modelový príklad. Nájdenie portfólia s minimálnym rizikom. Nájdenie portfólia s minimálnym rizikom a požadovaným výnosom. | ||
| 610 | 2 | 0 | |a oceňovanie |
| 610 | 2 | 0 | |a papiere cenné |
| 610 | 2 | 0 | |a portfólio |
| 610 | 2 | 0 | |a výnosy |
| 610 | 2 | 0 | |a výnosnosť |
| 610 | 2 | 0 | |a riziko |
| 610 | 2 | 0 | |a investovanie |
| 610 | 2 | 0 | |a metodológia |
| 100 | 1 | |a Karafová, Petra | |